000 00893nam a22003017a 4500
001 7720
003 FISKH
005 20250801094530.0
008 250801b cb ||||| |||| 00| 0 eng d
020 _a9780789429605
040 _aDLC
_cDLC
_dDLC
_beng
050 _a TH9148 .R75
082 _a 628.925
100 1 _aRoyston, Angela
_d(1945-)
245 1 0 _aFire fighter! /
_cWritten by Angela Royston.
250 _aThis edition first published in 1998
260 _aNew York :
_bDK Pub,
_c1998.
300 _a32 pages :
_bcolor illustrations ;
_c23 cm.
440 0 _aEyewitness readers.
_nLevel 2
505 _aG
520 _aDescribes a day in the life of a fire fighter.
521 _a400
_bLexile
521 _aG
_bRaz-Plus
650 0 _aFire extinction
_vJuvenile literature.
650 0 _aFire fighters
_vJuvenile literature.
942 _2ddc
_cBK
_n0
999 _c7720
_d7720